000 00422nam a2200181Ia 4500
005 20250423095523.0
008 250422s9999 xx 000 0 und d
020 _a9781439085271
050 _aD 443 .R34/
100 _aKaarbo, Juliet
245 0 _aGlobal politics
260 _aBoston
260 _bCengage Learning
260 _c2011
300 _a590 p
650 _aWorld politics--20th century.
942 _cBK
999 _c30522
_d30522